Programm (Record no. 4769)

MARC details
000 -CABECERA
campo de control de longitud fija 01954nam a2200313 a 4500
001 - NÚMERO DE CONTROL
campo de control 991017753539706706
005 - FECHA Y HORA DE LA ÚLTIMA TRANSACCIÓN
campo de control 20250618152710.0
008 - DATOS DE LONGITUD FIJA--INFORMACIÓN GENERAL
campo de control de longitud fija 030505s1998 spcd || 001 ||spa|c
020 ## - NÚMERO INTERNACIONAL ESTÁNDAR DEL LIBRO
Número Internacional Estándar del Libro 9788425418594
035 ## - NÚMERO DE CONTROL DEL SISTEMA
Número de control de sistema (ES-BaCBU).b29420416
040 ## - FUENTE DE LA CATALOGACIÓN
Centro catalogador/agencia de origen ES-BaCBU
Lengua de catalogación cat
Centro/agencia transcriptor ES-BaCBU
041 ## - CÓDIGO DE LENGUA
Código de lengua del texto/banda sonora o título independiente ger
-- spa
100 ## - ENTRADA PRINCIPAL--NOMBRE DE PERSONA
Nombre de persona Corcoll, Brigitte
9 (RLIN) 25517
Término indicativo de función/relación author
245 10 - MENCIÓN DE TÍTULO
Título Programm
Resto del título : alemán para hispanohablantes : ejercicios
Mención de responsabilidad, etc. / Brigitte Corcoll, Roberto Corcoll.
250 ## - MENCIÓN DE EDICIÓN
Mención de edición Third edition.
260 ## - PUBLICACIÓN, DISTRIBUCIÓN, ETC.
Lugar de publicación, distribución, etc. Barcelona :
Nombre del editor, distribuidor, etc. Herder,
Fecha de publicación, distribución, etc. 1996.
300 ## - DESCRIPCIÓN FÍSICA
Extensión 467 pages :
Otras características físicas illustrations ;
Dimensiones 25 cm
504 ## - NOTA DE BIBLIOGRAFÍA, ETC.
Nota de bibliografía, etc. Includes bibliography
505 8# - NOTA DE CONTENIDO CON FORMATO
Nota de contenido con formato 1. Gramática = Grammatik. — 2. Ejercicios = Übungen, Soluciones = Lösungsschlüssel
520 ## - SUMARIO, ETC.
Sumario, etc. Programm. Ejercicios/soluciones completa y desarrolla la parte práctica de Programm Gramática. Tras su dilatada experiencia como profesores de alemán para hispanohablantes, los autores proponen:<br/><br/>Ejercicios:<br/>-Estructurados por niveles.<br/>-Encuadrados dentro de temas o lecciones, cuya numeración corresponde exactamente a la de la Gramática, para que el estudiante pueda pasar fácilmente de un volumen a otro, de la teoría a la práctica, y viceversa.<br/>-Múltiples y variados dentro de cada tema, para que el alumno decida por su cuenta el ritmo de trabajo.<br/><br/><br/>Soluciones:<br/>-Son útiles como confirmación rápida y segura cuando Programm se utilice como libro de texto con profesor.<br/>-Resultan indispensables cuando el estudio del alemán se hace por cuenta propia y más individualmente.
546 ## - NOTA DE LENGUA/LENGUAJE
Nota de lengua/lenguaje Textos en castellà i alemany
650 00 - PUNTO DE ACCESO ADICIONAL DE MATERIA--TÉRMINO DE MATERIA
Término de materia o nombre geográfico como elemento de entrada German language
Subdivisión general Grammar
9 (RLIN) 25336
650 00 - PUNTO DE ACCESO ADICIONAL DE MATERIA--TÉRMINO DE MATERIA
Término de materia o nombre geográfico como elemento de entrada German language
Subdivisión de forma Problems, exercises, etc.
9 (RLIN) 24645
650 00 - PUNTO DE ACCESO ADICIONAL DE MATERIA--TÉRMINO DE MATERIA
Término de materia o nombre geográfico como elemento de entrada German language
Subdivisión general Self-instruction
9 (RLIN) 24644
650 00 - PUNTO DE ACCESO ADICIONAL DE MATERIA--TÉRMINO DE MATERIA
Término de materia o nombre geográfico como elemento de entrada German language
Subdivisión general Study and teaching
-- Foreign speakers
9 (RLIN) 13581
655 #0 - TÉRMINO DE INDIZACIÓN--GÉNERO/FORMA
Datos o término principal de género/forma Self-instruction
9 (RLIN) 24883
700 ## - ENTRADA AGREGADA--NOMBRE PERSONAL
Nombre de persona Corcoll, Roberto
Fechas asociadas al nombre 1937-
9 (RLIN) 25518
Término indicativo de función/relación author
942 ## - ELEMENTOS DE ENTRADA AGREGADA (KOHA)
Fuente del sistema de clasificación o colocación Clasificación de Library of Congress
Holdings
Estado de retiro Estado de pérdida Fuente del sistema de clasificación o colocación Estado dañado No para préstamo Biblioteca de origen Biblioteca actual Fecha de adquisición Total de préstamos Signatura topográfica completa Código de barras Fecha visto por última vez Número de copia Precio válido a partir de Tipo de ítem Koha
    Clasificación de Library of Congress     TBS Barcelona TBS Barcelona 18/06/2025   P-DE LEARN COR B02682 18/06/2025 1 18/06/2025 Teach Yourself German

Powered by Koha